<?xml version="1.0" encoding="UTF-8"?><?xml-stylesheet type="text/xsl" href="static/style.xsl"?><OAI-PMH xmlns="http://www.openarchives.org/OAI/2.0/" xmlns:xsi="http://www.w3.org/2001/XMLSchema-instance" xsi:schemaLocation="http://www.openarchives.org/OAI/2.0/ http://www.openarchives.org/OAI/2.0/OAI-PMH.xsd"><responseDate>2026-04-29T23:03:58Z</responseDate><request verb="GetRecord" identifier="oai:repisalud.isciii.es:20.500.12105/25343" metadataPrefix="marc">https://repisalud.isciii.es/rest/oai/request</request><GetRecord><record><header><identifier>oai:repisalud.isciii.es:20.500.12105/25343</identifier><datestamp>2025-12-18T12:59:24Z</datestamp><setSpec>com_20.500.12105_2203</setSpec><setSpec>com_20.500.12105_2202</setSpec><setSpec>col_20.500.12105_19585</setSpec></header><metadata><record xmlns="http://www.loc.gov/MARC21/slim" xmlns:dcterms="http://purl.org/dc/terms/" xmlns:doc="http://www.lyncode.com/xoai" xmlns:xsi="http://www.w3.org/2001/XMLSchema-instance" xsi:schemaLocation="http://www.loc.gov/MARC21/slim http://www.loc.gov/standards/marcxml/schema/MARC21slim.xsd">
   <leader>00925njm 22002777a 4500</leader>
   <datafield ind2=" " ind1=" " tag="042">
      <subfield code="a">dc</subfield>
   </datafield>
   <datafield ind2=" " ind1=" " tag="720">
      <subfield code="a">Instituto de Salud Carlos III. Gabinete de prensa</subfield>
      <subfield code="e">author</subfield>
   </datafield>
   <datafield ind2=" " ind1=" " tag="260">
      <subfield code="c">2024-10-04</subfield>
   </datafield>
   <datafield ind2=" " ind1=" " tag="520">
      <subfield code="a">El Instituto de Salud Carlos III (ISCIII), ha organizado esta semana el taller ‘Learning By Doing LABs: Cancer’. El encuentro se ha celebrado como parte de las actividades de la Acción Conjunta europea NFP4Health, que se enmarca en el Programa EU4Health. NFP4Health es una iniciativa que busca fortalecer las capacidades de los Puntos Nacionales de Contacto (PNC) de cada país en la búsqueda de sistemas de salud más sostenibles, eficaces y accesibles. El ISCIII actúa como PNC del Programa EU4Health, designado por el Ministerio de Sanidad y ejerce como beneficiario de la Acción Conjunta NFP4Health. El objetivo del taller organizado por el ISCIII ha sido dar a conocer a investigadores, gestores y responsables de los Institutos de Investigación Sanitaria (IIS) acreditados, y de las Fundaciones del ISCIII CNIC y CNIO, cómo establecer sinergias entre los diferentes Fondos Europeos en la temática de Cáncer. El encuentro consolida el compromiso del Instituto, como representante español, para que la JA NFP4Health alcance su objetivo de crear una red de Puntos Nacionales de Contacto que permita incrementar la capacidad de los Estados Miembros y Países Adheridos a EU4Health, de diseñar y crear acciones sostenibles para alcanzar los objetivos en salud de la UE para el período 2021-2027.</subfield>
   </datafield>
   <datafield ind1="8" ind2=" " tag="024">
      <subfield code="a">Noticia publicada en la web del ISCIII el 4/10/2024.</subfield>
   </datafield>
   <datafield ind1="8" ind2=" " tag="024">
      <subfield code="a">https://hdl.handle.net/20.500.12105/25343</subfield>
   </datafield>
   <datafield tag="653" ind2=" " ind1=" ">
      <subfield code="a">Fondos Europeos de salud</subfield>
   </datafield>
   <datafield tag="653" ind2=" " ind1=" ">
      <subfield code="a">Cáncer</subfield>
   </datafield>
   <datafield tag="653" ind2=" " ind1=" ">
      <subfield code="a">Sistemas de salud sostenibles</subfield>
   </datafield>
   <datafield ind2="0" ind1="0" tag="245">
      <subfield code="a">El ISCIII organiza y acoge un taller formativo sobre la búsqueda de sinergias entre Fondos Europeos de salud en cáncer</subfield>
   </datafield>
</record></metadata></record></GetRecord></OAI-PMH>